Statistics for UEFA Champions League 2020-21 Round of 16 Starting XI

Click here to take the quiz!

General Stats

  • This quiz has been taken 1,361 times
  • The average score is 120 of 176

Answer Stats

TeamPlayer% Correct
FC BarcelonaMarc-André ter Stegen
99%
FC BarcelonaLionel Messi
98%
SevillaJesús Navas
97%
Paris Saint-GermainKeylor Navas
97%
FC BarcelonaOusmane Dembélé
96%
LiverpoolAlisson
95%
FC BarcelonaFrenkie de Jong
95%
FC BarcelonaGérard Piqué
95%
Paris Saint-GermainKylian Mbappé
95%
LiverpoolMohamed Salah
95%
FC BarcelonaAntoine Griezmann
94%
Paris Saint-GermainMarco Verratti
94%
LiverpoolSadio Mané
94%
LiverpoolAndrew Robertson
93%
FC BarcelonaJordi Alba
93%
Paris Saint-GermainMarquinhos
93%
LiverpoolRoberto Firmino
93%
FC BarcelonaSergiño Dest
93%
LiverpoolTrent Alexander-Arnold
93%
FC BarcelonaSergio Busquets
92%
LiverpoolThiago Alcântara
91%
JuventusCristiano Ronaldo
90%
ChelseaÉdouard Mendy
90%
Borussia DortmundErling Braut Haaland
90%
Real MadridFerland Mendy
90%
Bayern MunichManuel Neuer
90%
Paris Saint-GermainPresnel Kimpembe
90%
Bayern MunichRobert Lewandowski
90%
Real MadridThibaut Courtois
90%
Bayern MunichAlphonso Davies
89%
FC BarcelonaClément Lenglet
89%
Bayern MunichDavid Alaba
89%
LiverpoolGeorginio Wijnaldum
89%
Atletico MadridJan Oblak
89%
Manchester CityBernardo Silva
88%
Manchester CityEderson
88%
Borussia DortmundEmre Can
88%
Real MadridLuka Modrić
88%
Real MadridToni Kroos
88%
Real MadridCasemiro
87%
LiverpoolJordan Henderson
87%
Bayern MunichJoshua Kimmich
87%
Bayern MunichKingsley Coman
87%
ChelseaMateo Kovačić
87%
JuventusMatthijs de Ligt
87%
FC BarcelonaPedri
87%
Manchester CityRúben Dias
87%
Real MadridVinícius Júnior
87%
ChelseaAntonio Rüdiger
86%
Paris Saint-GermainIdrissa Gueye
86%
Manchester CityIlkay Gündogan
86%
Borussia DortmundJadon Sancho
86%
Manchester CityKyle Walker
86%
Manchester CityRaheem Sterling
86%
Real MadridRaphael Varane
86%
ChelseaTimo Werner
86%
ChelseaAndreas Christensen
85%
ChelseaCésar Azpilicueta
85%
Manchester CityGabriel Jesus
85%
JuventusGiorgio Chiellini
85%
Manchester CityJoão Cancelo
85%
ChelseaJorginho
85%
Borussia DortmundJude Bellingham
84%
Borussia DortmundMats Hummels
84%
JuventusAlex Sandro
83%
Manchester CityAymeric Laporte
83%
Bayern MunichLeon Goretzka
83%
Atletico MadridLuis Suárez
83%
Borussia DortmundMarco Reus
83%
Paris Saint-GermainMauro Icardi
83%
Manchester CityRodri
83%
LazioSergej Milinković-Savić
83%
Atletico MadridJoão Félix
82%
Atletico MadridStefan Savić
82%
Borussia MönchengladbachYann Sommer
82%
JuventusAdrien Rabiot
80%
JuventusDanilo
80%
Bayern MunichJérôme Boateng
80%
Paris Saint-GermainLeandro Paredes
80%
ChelseaMarcos Alonso
80%
ChelseaMason Mount
80%
SevillaPapu Gómez
80%
JuventusWeston McKennie
80%
Atletico MadridKoke
79%
Real MadridNacho
79%
Manchester CityPhil Foden
79%
Borussia DortmundRaphaël Guerreiro
79%
Real MadridMarco Asensio
78%
JuventusRodrigo Bentancur
78%
JuventusWojciech Szczęsny
78%
SevillaYassine Bounou
78%
Real MadridIsco
77%
RB LeipzigPéter Gulácsi
77%
LazioCiro Immobile
75%
RB LeipzigDayot Upamecano
75%
JuventusDejan Kulusevski
75%
SevillaIvan Rakitić
74%
Bayern MunichLeroy Sané
74%
Borussia DortmundManuel Akanji
74%
ChelseaOlivier Giroud
74%
RB LeipzigChristopher Nkunku
72%
RB LeipzigMarcel Sabitzer
72%
Bayern MunichNiklas Süle
71%
Paris Saint-GermainAlessandro Florenzi
69%
AtalantaDuvan Zapata
69%
Atletico MadridSaúl Ñíguez
69%
SevillaJules Koundé
68%
Atletico MadridThomas Lemar
68%
RB LeipzigAngeliño
66%
Paris Saint-GermainLayvin Kurzawa
66%
AtalantaLuis Muriel
65%
PortoPepe
64%
PortoMehdi Taremi
63%
Paris Saint-GermainMoise Kean
63%
LazioPepe Reina
63%
Atletico MadridÁngel Correa
61%
LazioJoaquin Correa
61%
RB LeipzigDani Olmo
60%
Atletico MadridFelipe
60%
RB LeipzigNordi Mukiele
58%
AtalantaRobin Gosens
58%
Real MadridLucas Vázquez
57%
RB LeipzigLukas Klostermann
57%
RB LeipzigKevin Kampl
56%
SevillaYoussef En-Nesyri
54%
LiverpoolCurtis Jones
53%
LiverpoolOzan Kabak
53%
ChelseaCallum Hudson-Odoi
52%
SevillaDiego Carlos
52%
LazioLuis Alberto
52%
JuventusFederico Chiesa
51%
Bayern MunichJamal Musiala
51%
AtalantaMarten de Roon
51%
Borussia MönchengladbachAlassane Pléa
50%
SevillaFernando
48%
Atletico MadridMarcos Llorente
48%
Borussia MönchengladbachRamy Bensebaini
47%
AtalantaRemo Freuler
47%
AtalantaJoakim Mæhle
45%
Borussia DortmundMarwin Hitz
45%
RB LeipzigTyler Adams
44%
PortoChancel Mbemba
43%
RB LeipzigAmadou Haidara
40%
LazioFrancesco Acerbi
40%
AtalantaPierluigi Gollini
40%
AtalantaCristian Romero
38%
AtalantaRafael Tolói
38%
PortoAgustín Marchesín
37%
PortoJesús Corona
37%
Borussia MönchengladbachMatthias Ginter
36%
PortoMoussa Marega
36%
Borussia MönchengladbachNico Elvedi
36%
Atletico MadridMario Hermoso
35%
SevillaSuso
35%
Borussia MönchengladbachDenis Zakaria
34%
Borussia MönchengladbachStefan Lainer
34%
Borussia DortmundMahmoud Dahoud
33%
PortoMateus Uribe
33%
AtalantaBerat Djimsiti
32%
LazioLucas Leiva
32%
PortoOtávio
32%
Borussia MönchengladbachLars Stindl
30%
LazioAdam Marušić
28%
Borussia MönchengladbachJonas Hofmann
28%
Borussia DortmundMateu Morey
28%
Borussia MönchengladbachFlorian Neuhaus
24%
SevillaJoan Jordán
24%
PortoSérgio Oliveira
24%
PortoZaidu Sanusi
22%
Borussia MönchengladbachChristoph Kramer
21%
AtalantaMatteo Pessina
21%
LazioGil Patric
19%
LazioManuel Lazzari
17%
SevillaSergio Escudero
17%
PortoWilson Manafá
14%
LazioMateo Musacchio
11%

Score Distribution

Percentile by Number Answered

Percent of People with Each Score

Your Score History

You have not taken this quiz